| 000 | 00356cam a2200145ua 4500 | ||
|---|---|---|---|
| 020 | _a9788122424720 | ||
| 082 |
_a519.5 _bAGA/BA |
||
| 100 | _aAgarwal, B.L . | ||
| 245 | _aBasic statistics / | ||
| 250 | _a2 / | ||
| 260 |
_aNew Delhi : _bWiley Eastern Ltd , _c1994. |
||
| 300 | _a751 ; . | ||
| 500 | _a18487, 18488,18877, 18875, 18876 CSS | ||
| 942 | _cBK | ||
| 999 |
_c9883 _d9883 |
||